The Scale-Up Effect in Early Childhood and Public Policy (Record no. 22638)

MARC details
000 -LEADER
fixed length control field 00517nam a2200109Ia 4500
008 - FIXED-LENGTH DATA ELEMENTS--GENERAL INFORMATION
fixed length control field 220620s9999||||xx |||||||||||||| ||und||
245 #4 - TITLE STATEMENT
Title The Scale-Up Effect in Early Childhood and Public Policy
Remainder of title Why Interventions Lose Impact at Scale and What We Can Do About It
546 ## - LANGUAGE NOTE
Language note English[eng]
650 ## - SUBJECT ADDED ENTRY--TOPICAL TERM
Topical term or geographic name entry element economics, early childhood, education, public policy, children, behavioral economics, BE, social psychology, parent, intervention, scaling
700 ## - ADDED ENTRY--PERSONAL NAME
Personal name List, John A.||Suskind, Dana||Supplee, Lauren H.
942 ## - ADDED ENTRY ELEMENTS (KOHA)
Koha item type E-Books
Holdings
Withdrawn status Lost status Damaged status Not for loan Home library Current library Date acquired Total Checkouts Date last seen Price effective from Koha item type
        Kerala University of Digital Sciences, Innovation and Technology Knowledge Centre Kerala University of Digital Sciences, Innovation and Technology Knowledge Centre 20/06/2022   20/06/2022 20/06/2022 E-Books